000
00296nam a2200109Ia 4500
001
1261058
005
20260417140344.0
008
260417s9999 xx 000 0 und d
020
_a
9789753167345
245
0
_a
Evliler Korksun Bekarlar Titresin
_c
Carmen Rico-Godoy
260
_b
Everest Yayınları
999
_c
1261058
_d
1261058